Transformácia účtovnej sústavy z JÚ na PÚ

Zákon o účtovníctve. Právna úprava prechodu z jednoduchého účtovníctva na podvojné účtovníctvo. Prechod z JÚ na PÚ z pohľadu zákona o dani z príjmov.

Gespeichert in:
Bibliographische Detailangaben
1. Verfasser: Mintál, Ján
Format: Buchkapitel
Sprache:Slowakisch
Schlagworte:
Tags: Tag hinzufügen
Keine Tags, Fügen Sie das erste Tag hinzu!

MARC

LEADER 00000naa a2200000 4500
001 0168594
005 20231120103340.2
041 0 |a slo 
044 |a SK 
245 1 0 |a Transformácia účtovnej sústavy z JÚ na PÚ  |c Ján Mintál 
520 |a Zákon o účtovníctve. Právna úprava prechodu z jednoduchého účtovníctva na podvojné účtovníctvo. Prechod z JÚ na PÚ z pohľadu zákona o dani z príjmov. 
610 2 0 |a účtovníctvo jednoduché 
610 2 0 |a účtovníctvo podvojné 
610 2 0 |a dane z príjmov 
100 1 |a Mintál, Ján